| 000 | 00575cam a2200205ua 4500 | ||
|---|---|---|---|
| 001 | 12100 | ||
| 005 | 20260515114834.0 | ||
| 008 | 200218n ii |||gr||||Z||||||eng | ||
| 020 | _a9788131103944 | ||
| 040 | _cMAIN | ||
| 082 | _a331.702 | ||
| 100 |
_aS Viswanathan, _eAuthor. |
||
| 245 |
_aLearning support system of career and vocational guidance _cBy S Viswanathan and S K Siddharth |
||
| 250 | _a1st ed. | ||
| 260 |
_aNew Delhi: _bCommonwealth publishers, _c2013. |
||
| 300 | _a270p. | ||
| 653 | _aLabor economics | ||
| 700 |
_aS K Siddharth, _eAuthor. |
||
| 942 | _cBK | ||
| 999 |
_c10859 _d10859 |
||